[Event "Indywidualne Mistrzostwa Polski Juniorow - C18"]
[Site "Szczyrk"]
[Date "2013-03-24"]
[Round "9.8"]
[White "Stankiewicz, Pawel"]
[Black "Cukrowski, Filip"]
[Result "1/2-1/2"]
[WhiteTitle "k"]
[BlackTitle "k"]
[WhiteElo "2108"]
[BlackElo "2163"]

1. e4 c5 2. Nf3 d6 3. d4 cxd4 4. Nxd4 Nf6 5. Nc3 a6 6. Bg5 Nbd7 7. f4 Qc7 8. Qf3
h6 9. Bxf6 Nxf6 10. f5 Qc5 11. O-O-O g5 12. fxg6 Bg4 13. gxf7+ Kxf7 14. Qd3 Bxd1
15. Nxd1 Bg7 16. Be2 Rhc8 17. c3 e6 18. Ne3 Qe5 19. Nc4 Qf4+ 20. Kb1 Rxc4 21.
Qxc4 Qxe4+ 22. Bd3 Qd5 23. Qc7+ Kg8 24. Rf1 Rf8 25. Ka1 b5 26. Rf3 Qe5 27. Nc6
Qe1+ 28. Bb1 Re8 29. Ne7+ Kh8 30. Qxd6 Qg1 31. Qxe6 Qxg2 32. Qf7 Rxe7 33. Qxe7
Qxf3 34. Qd8+ Ng8 35. Qc8 a5 36. Qc5 Qf1 37. a3 a4 38. Qc6 Nf6 39. Qc8+ Ng8 40.
Qc6 Qe2 41. Qc8 Qe7 42. Bd3 Qe5 43. Qc6 b4 44. axb4 a3 45. bxa3 Qxh2 46. Kb1 Qe5
47. Kc2 Qe1 48. a4 Qa1 49. Kb3 h5 50. b5 Qd1+ 51. Bc2 Qd8 52. b6 Ne7 53. Qc5 Qd5+
54. Qxd5 Nxd5 55. a5 Bxc3 56. a6 Be5 57. a7 1/2-1/2

[Event "Indywidualne Mistrzostwa Polski Juniorow - C18"]
[Site "Szczyrk"]
[Date "2013-03-24"]
[Round "9.9"]
[White "Adamowicz, Maciej"]
[Black "Zochowski, Kacper"]
[Result "1/2-1/2"]
[WhiteTitle "I++"]
[BlackTitle "I++"]
[WhiteElo "2042"]
[BlackElo "2083"]

1. c4 e5 2. Nc3 Nc6 3. g3 d6 4. Nf3 Be6 5. d3 Qd7 6. Ng5 Bf5 7. e4 Bg4 8. f3 Be6
9. Nxe6 fxe6 10. Be3 g6 11. Bh3 Qe7 12. Qa4 a6 13. b4 Rd8 14. b5 axb5 15. Qxb5
Bh6 16. Bf2 Rb8 17. Ba7 Rd8 18. Qxb7 Nxa7 19. Qxa7 Qg5 20. Qf2 Ke7 21. O-O Nf6
22. a4 Ra8 23. Rfb1 Nd7 24. Rb7 Rhc8 25. Nb5 Nc5 26. Rxc7+ Rxc7 27. Nxc7 Rxa4
28. Rxa4 Nxa4 29. Bxe6 Qc1+ 30. Kg2 Nc5 31. Bg4 Nxd3 32. Nd5+ Kf8 33. Qa2 Qb2+
34. Qxb2 Nxb2 35. Be6 Nxc4 36. Kf2 Na5 37. h4 Nc6 38. g4 Nd4 39. Bd7 Bd2 40. Ba4
Kf7 1/2-1/2

[Event "Indywidualne Mistrzostwa Polski Juniorow - C18"]
[Site "Szczyrk"]
[Date "2013-03-24"]
[Round "9.11"]
[White "Lewicki, Miroslaw"]
[Black "Kwiatkowski, Wiktor"]
[Result "0-1"]
[WhiteTitle "CM"]
[BlackTitle "I"]
[WhiteElo "2208"]
[BlackElo "1949"]

1. e4 c5 2. Nf3 d6 3. d4 cxd4 4. Nxd4 Nf6 5. Nc3 a6 6. Bg5 e6 7. f4 h6 8. Bh4 Qb6
9. Qd2 Qxb2 10. Rb1 Qa3 11. Be2 Nbd7 12. O-O Be7 13. Bg3 Qc5 14. e5 dxe5 15. fxe5
Nxe5 16. Na4 Qc7 17. Nb6 Rb8 18. Nc4 Nxc4 19. Bxc4 e5 20. Qe2 Bd6 21. Nf5 Bxf5
22. Rxf5 O-O 23. Rxf6 gxf6 24. Bh4 f5 25. Qh5 Qxc4 26. Qxh6 Bc5+ 27. Kh1 Be3 28.
Bg5 Qe6 0-1

[Event "Indywidualne Mistrzostwa Polski Juniorow - C18"]
[Site "Szczyrk"]
[Date "2013-03-24"]
[Round "9.12"]
[White "Zareba, Grzegorz"]
[Black "Lapaj, Mateusz"]
[Result "1/2-1/2"]
[WhiteTitle "I"]
[BlackTitle "I++"]
[WhiteElo "1968"]
[BlackElo "2044"]

1. c4 Nf6 2. Nc3 g6 3. g3 Bg7 4. Bg2 O-O 5. Nf3 d6 6. d4 Nbd7 7. O-O e5 8. e4 c6
9. b3 Qb6 10. Bb2 exd4 11. Nxd4 Nc5 12. Qd2 Ng4 13. Rab1 Ne5 14. Nc2 Bh3 15. Na4
Bxg2 16. Bxe5 Nxa4 17. bxa4 Bxf1 18. Rxb6 Bxe5 19. Rb4 c5 20. Rxb7 Bxc4 21. f4
Bg7 22. Qxd6 Rad8 23. Rd7 Rxd7 24. Qxd7 Rb8 25. e5 Rb1+ 26. Kf2 Rb2 27. Qd1 Rxa2
28. Kf3 Rxa4 29. Ne3 Ra3 30. Qd8+ Bf8 31. f5 gxf5 32. Kf4 Be6 33. Nxf5 Ra4+ 34.
Kg5 Bxf5 35. Kxf5 Ra6 36. h4 Re6 37. h5 Kg7 38. Qg5+ Kh8 39. Qd8 Kg7 40. Qg5+
Kh8 41. Qd8 Kg7 42. Qg5+ 1/2-1/2

[Event "Indywidualne Mistrzostwa Polski Juniorow - C18"]
[Site "Szczyrk"]
[Date "2013-03-24"]
[Round "9.13"]
[White "Jaskolka, Tomasz"]
[Black "Faron, Rafal"]
[Result "0-1"]
[WhiteTitle "I++"]
[BlackTitle "I"]
[WhiteElo "2038"]
[BlackElo "1894"]

1. e4 e5 2. Nf3 d6 3. Bc4 Be7 4. d3 Nf6 5. c3 O-O 6. Bb3 c6 7. Nbd2 Nbd7 8. Qe2
a6 9. h3 Nc5 10. Bc2 Ne6 11. Nf1 Nd7 12. g4 Re8 13. Ng3 Bf8 14. Nf5 Qb6 15. h4
Nf4 16. Bxf4 exf4 17. O-O-O g6 18. N5d4 Ne5 19. Nxe5 dxe5 20. Nb3 Be6 21. d4 exd4
22. cxd4 a5 23. Kb1 a4 24. Nc1 a3 25. Bb3 axb2 26. Qxb2 Bxb3 27. Nxb3 Rxe4 28.
h5 Rae8 29. hxg6 hxg6 30. Qc3 Bg7 31. Rde1 Rxe1+ 32. Rxe1 Rxe1+ 33. Qxe1 Bxd4
34. Qe4 Bg7 35. Qxf4 Qd8 36. Kc2 b6 37. Qe4 Qf6 38. Kd1 Qxf2 39. Qxc6 Qf1+ 40.
Kd2 b5 41. Qc8+ Kh7 42. Qc5 Qf4+ 43. Kd3 b4 44. Nd4 Qg3+ 45. Kc2 Qxg4 46. Nc6
Qe2+ 47. Kb3 Qb2+ 48. Kc4 Qxa2+ 49. Kxb4 Qb2+ 50. Ka4 Bf8 51. Nb4 Bg7 52. Qe3
Qa1+ 53. Kb3 Qd1+ 54. Kc4 Qa4 55. Qf4 Qa1 56. Qd2 Qf1+ 57. Nd3 Qf5 58. Qg2 g5
59. Nf2 Qe6+ 60. Kd3 Qb3+ 61. Ke2 Qc2+ 62. Ke3 Qc1+ 63. Ke2 Qc4+ 64. Ke3 Qf4+
65. Ke2 Bd4 66. Ng4 f5 67. Qb7+ Kg6 68. Qc6+ Kh5 69. Nf6+ Bxf6 70. Qxf6 Kg4 71.
Qc3 Qh2+ 72. Kf1 0-1

[Event "Indywidualne Mistrzostwa Polski Juniorow - C18"]
[Site "Szczyrk"]
[Date "2013-03-24"]
[Round "9.14"]
[White "Klimek, Marcin"]
[Black "Szewczyk, Mariusz"]
[Result "1/2-1/2"]
[WhiteTitle "I"]
[BlackTitle "I++"]
[WhiteElo "1819"]
[BlackElo "2093"]

1. e4 d5 2. exd5 Nf6 3. Nc3 Nxd5 4. Bc4 e6 5. Qf3 Nb6 6. Bb3 Bd7 7. Nge2 Bc6 8.
Qg3 h5 9. h4 Qf6 10. d3 Bd6 11. Bf4 Bxf4 12. Nxf4 N8d7 13. O-O-O O-O-O 14. Rhe1
Nc5 15. f3 a5 16. Bc4 Nxc4 17. dxc4 g6 18. Nd3 Nxd3+ 19. cxd3 Rd4 20. Ne4 Qf5
21. Kc2 Rhd8 22. Qg5 b5 23. cxb5 Bxb5 24. Re3 Bc6 25. g3 Bxe4 26. fxe4 Qf2+ 27.
Rd2 Rc4+ 28. Kd1 Qf1+ 29. Re1 Qf3+ 30. Ree2 Rxd3 31. Qxa5 Rcd4 32. Qa6+ Kb8 33.
Qb5+ Ka7 34. Qa5+ Kb7 35. Qb5+ Kc8 36. Qa6+ Kb8 37. Qb5+ Ka8 38. Qa6+ Kb8 39.
Qb5+ Ka7 40. Qa5+ Kb7 41. Qb5+ Kc8 1/2-1/2

[Event "Indywidualne Mistrzostwa Polski Juniorow - C18"]
[Site "Szczyrk"]
[Date "2013-03-24"]
[Round "9.15"]
[White "Kowalczyk, Adam"]
[Black "Paszewski, Mateusz"]
[Result "1/2-1/2"]
[WhiteTitle "II+"]
[BlackTitle "I++"]
[WhiteElo "1878"]
[BlackElo "2065"]

1. b3 Nf6 2. Bb2 e6 3. e3 b6 4. f4 Bb7 5. Nf3 g6 6. Be2 Bg7 7. O-O O-O 8. c4 d6
9. Nc3 Ne4 10. Qc2 Nxc3 11. Bxc3 Bxc3 12. Qxc3 Nd7 13. d4 Qe7 14. Nd2 f5 15. Bf3
Bxf3 16. Nxf3 Rae8 17. Rae1 Nf6 18. Qc2 Ne4 19. Nd2 Nxd2 20. Qxd2 e5 21. d5 Qg7
22. Qc3 Re7 23. g3 Rfe8 24. Kf2 Qh6 25. Kg2 exf4 26. exf4 Re2+ 27. Rxe2 Rxe2+
28. Rf2 Rxf2+ 29. Kxf2 Qxh2+ 30. Kf1 Qh3+ 31. Kg1 Qg4 32. Kf2 Qd1 33. Qf6 Qd2+
34. Kf1 Qc1+ 35. Kf2 Qc2+ 36. Kf1 Qb1+ 37. Kf2 Qc2+ 38. Kf1 Qd3+ 39. Kf2 Qd2+
40. Kf1 Qd1+ 41. Kf2 Qc2+ 42. Kf1 Qb1+ 43. Kf2 Qxa2+ 44. Kf1 Qb1+ 45. Kf2 Qc2+
46. Kf1 Qd1+ 47. Kf2 Qc2+ 1/2-1/2

[Event "Indywidualne Mistrzostwa Polski Juniorow - C18"]
[Site "Szczyrk"]
[Date "2013-03-24"]
[Round "9.16"]
[White "Kanarkiewicz, Michal"]
[Black "Worobiej, Daniel"]
[Result "1/2-1/2"]
[WhiteTitle "I"]
[BlackTitle "I"]
[WhiteElo "2056"]
[BlackElo "1859"]

1. d4 g6 2. e4 Bg7 3. Be3 d6 4. Nc3 a6 5. Qd2 b5 6. O-O-O Bb7 7. f3 Nd7 8. Kb1
c5 9. h4 cxd4 10. Bxd4 Bxd4 11. Qxd4 Ngf6 12. g4 Qb6 13. Qd2 Ne5 14. h5 Rc8 15.
hxg6 fxg6 16. g5 Nh5 17. Bh3 Nc4 18. Qe1 Rc5 19. Nge2 Qa5 20. Nd5 Qxe1 21. Rhxe1
Bxd5 22. Rxd5 Rxd5 23. exd5 Nd2+ 24. Kc1 Nxf3 25. Rf1 Nxg5 26. Bc8 a5 27. Ba6
b4 28. Nd4 Kd7 29. Re1 Kc7 30. Rxe7+ Kb6 31. Bb7 Nf4 32. Bc6 Rb8 33. Kd2 a4 34.
Ke3 Rf8 35. Rb7+ Kc5 36. b3 Ng2+ 37. Kd3 Nf4+ 38. Ke3 Ng2+ 39. Kd3 Nf4+ 40. Ke3
Ng2+ 41. Kd3 Nf4+ 1/2-1/2

[Event "Indywidualne Mistrzostwa Polski Juniorow - C18"]
[Site "Szczyrk"]
[Date "2013-03-24"]
[Round "9.17"]
[White "Grzeskow, Adrian"]
[Black "Gora, Jan"]
[Result "0-1"]
[WhiteTitle "I"]
[BlackTitle "I"]
[WhiteElo "1885"]
[BlackElo "1961"]

1. e4 c5 2. c3 d5 3. exd5 Qxd5 4. d4 Nc6 5. Nf3 Bg4 6. Be2 e6 7. O-O Nf6 8. Be3
cxd4 9. Nxd4 Bxe2 10. Qxe2 Nxd4 11. Bxd4 Be7 12. Na3 O-O 13. Nb5 Qe4 14. Qxe4
Nxe4 15. Bxa7 b6 16. a4 Bd8 17. Rfd1 f5 18. Rd7 Rf7 19. Rxf7 Kxf7 20. Rd1 Ke7
21. f3 Nf6 22. Kf2 Nd7 23. Nd4 Rc8 24. a5 bxa5 25. Re1 e5 26. Nxf5+ Kf6 27. Nd6
Rc6 28. Ne4+ Ke6 29. Rd1 Bb6+ 30. Bxb6 Nxb6 31. Rd8 Nd7 32. Nd2 Rb6 33. Nc4 Rb5
34. Ke3 Rc5 35. Kd3 Ke7 36. Ra8 Rxc4 37. Kxc4 Nb6+ 38. Kb5 Nxa8 39. Kxa5 Kd6 40.
Kb5 Nc7+ 41. Kc4 Nd5 42. Kb5 Ne3 43. c4 Kc7 44. Ka6 Nxc4 0-1

[Event "Indywidualne Mistrzostwa Polski Juniorow - C18"]
[Site "Szczyrk"]
[Date "2013-03-24"]
[Round "9.18"]
[White "Adamczewski, Jedrzej"]
[Black "Jachym, Adam"]
[Result "0-1"]
[WhiteTitle "I"]
[BlackTitle "II+"]
[WhiteElo "1861"]
[BlackElo "1934"]

1. d4 d5 2. c4 c6 3. Nf3 Nf6 4. Qc2 g6 5. Nc3 a6 6. c5 Bg7 7. g3 Nbd7 8. Bg2 O-O
9. O-O Re8 10. a3 e5 11. dxe5 Nxe5 12. Nxe5 Rxe5 13. Bf4 Re8 14. e4 dxe4 15. Rad1
Qe7 16. Bd6 Qe6 17. Rfe1 Qf5 18. Nxe4 Be6 19. b4 Qh5 20. Nxf6+ Bxf6 21. Qc1 Bg4
22. Rxe8+ Rxe8 23. Re1 Rxe1+ 24. Qxe1 Bd7 25. h4 Qf5 26. Qe4 Qxe4 27. Bxe4 Bc3
28. Kf1 Be6 29. Ke2 Bb2 30. a4 Bb3 31. b5 Bxa4 32. Bxc6 Bxb5+ 33. Bxb5 axb5 34.
Kd3 Ba3 35. Kc3 b6 36. Kd4 Kg7 37. Kd5 Bxc5 38. Bxc5 bxc5 39. Kxc5 Kf6 40. Kxb5
Ke5 41. Kc5 Ke4 42. h5 Kf3 43. h6 Kxf2 44. Kd5 Kxg3 45. Ke5 f5 46. Kf6 f4 47.
Kg7 f3 48. Kxh7 f2 49. Kxg6 f1=Q 50. Kg7 Qa1+ 51. Kg8 Qa8+ 52. Kg7 Qb7+ 53. Kg8
Qc8+ 54. Kg7 Qd7+ 55. Kg8 Qe8+ 56. Kg7 Qe7+ 57. Kg8 Qg5+ 58. Kh7 Kf4 0-1

[Event "Indywidualne Mistrzostwa Polski Juniorow - C18"]
[Site "Szczyrk"]
[Date "2013-03-24"]
[Round "9.19"]
[White "Kuspak, Aleksander"]
[Black "Knapik, Andrzej"]
[Result "0-1"]
[WhiteTitle "I"]
[BlackTitle "I"]
[WhiteElo "1926"]
[BlackElo "1913"]

1. Nf3 Nf6 2. Nc3 c5 3. e4 d6 4. d3 Nc6 5. g3 g6 6. Bg2 Bg7 7. O-O O-O 8. h3 e5
9. Kh2 h6 10. Be3 b6 11. Qd2 Kh7 12. Rad1 Be6 13. a3 d5 14. exd5 Nxd5 15. Nxd5
Bxd5 16. c4 Be6 17. Ng5+ hxg5 18. Bxc6 Rc8 19. Bf3 Bf6 20. Bg4 Bf5 21. Bxf5 gxf5
22. Qe2 f4 23. gxf4 exf4 24. Bxf4 Rh8 25. Bg3 Kg7 26. Be5 Qe7 27. Rde1 Rc6 28.
f4 Re6 29. Bxf6+ Qxf6 30. Qf2 g4 31. h4 Rxh4+ 32. Kg1 Qh6 33. Qg3 Rh3 34. Qg2
Rxe1 35. Qxg4+ Kf8 36. Rxe1 Rh1+ 37. Kf2 Qh2+ 38. Kf3 Rxe1 0-1

[Event "Indywidualne Mistrzostwa Polski Juniorow - C18"]
[Site "Szczyrk"]
[Date "2013-03-24"]
[Round "9.20"]
[White "Suliborski, Jakub"]
[Black "Dzikowski, Michal"]
[Result "1/2-1/2"]
[WhiteTitle "I++"]
[BlackTitle "I"]
[WhiteElo "1996"]
[BlackElo "1879"]

1. e4 c6 2. d4 d5 3. e5 Bf5 4. h4 h5 5. Bg5 Qb6 6. Bd3 Bxd3 7. Qxd3 Qa6 8. Qd2
e6 9. Ne2 Be7 10. Nbc3 Nd7 11. O-O g6 12. Nd1 Bxg5 13. hxg5 Ne7 14. Ne3 Rc8 15.
b3 b6 16. c4 Qb7 17. Nc3 a6 18. a4 Nf5 19. Nxf5 gxf5 20. a5 b5 21. c5 Nf8 22.
f4 Ng6 23. b4 Kd7 24. Kf2 h4 25. Rh1 Rh5 26. Rh3 Rch8 27. Rah1 Qc8 28. Kf3 R8h7
29. Qe1 Qh8 30. Ne2 Ke8 31. Ke3 Kd7 32. Qf2 Rg7 33. Ng1 Rgh7 34. Qf3 Rg7 35. Ne2
Ke8 36. Nc3 Kd7 37. Nd1 Rhh7 38. Nf2 Qg8 39. R1h2 Qh8 40. Qd1 Qg8 41. Nd3 Qh8
42. Qh1 Rh5 43. Nf2 Rgh7 44. Kf3 Kd8 45. Nd3 Kd7 46. Nc1 Kd8 47. Ne2 Kd7 48. Ke3
Rg7 49. Qf1 Rhh7 50. g3 hxg3 51. Nxg3 Rxh3 52. Qxh3 Qxh3 53. Rxh3 Ke7 54. Rh6
Rg8 55. Nh5 Rh8 56. Nf6 Kd8 57. Kf3 Ke7 58. Kg3 Kd8 59. Nh5 Ke7 60. Ng7 Rg8 1/2-1/2

[Event "Indywidualne Mistrzostwa Polski Juniorow - C18"]
[Site "Szczyrk"]
[Date "2013-03-24"]
[Round "9.21"]
[White "Chmiel, Marcin"]
[Black "Dzierzak, Radoslaw"]
[Result "1-0"]
[WhiteTitle "I+"]
[BlackTitle "I+"]
[WhiteElo "1978"]
[BlackElo "1912"]

1. d4 Nf6 2. c4 e6 3. Nf3 d5 4. g3 Bb4+ 5. Bd2 Qe7 6. Bg2 O-O 7. O-O Nbd7 8. a3
Bxd2 9. Nbxd2 b6 10. cxd5 Nxd5 11. e4 N5f6 12. Rc1 c5 13. Re1 Bb7 14. e5 Nd5 15.
Nc4 cxd4 16. Nxd4 Rfd8 17. Nd6 Nf8 18. Nc6 Bxc6 19. Rxc6 Ng6 20. Bxd5 Nxe5 21.
Rxe5 Rxd6 22. Rxd6 Qxd6 23. Bf3 Qxe5 24. Bxa8 g6 25. Qc1 Qe2 26. Kg2 e5 27. Bf3
Qd3 28. Qc8+ Kg7 29. Qc7 1-0

[Event "Indywidualne Mistrzostwa Polski Juniorow - C18"]
[Site "Szczyrk"]
[Date "2013-03-24"]
[Round "9.22"]
[White "Moszczenski, Milosz"]
[Black "Budnik, Mateusz"]
[Result "1-0"]
[WhiteTitle "I"]
[BlackTitle "II+"]
[WhiteElo "1754"]
[BlackElo "1701"]

1. c4 Nf6 2. Nf3 c5 3. g3 g6 4. b3 Bg7 5. Bb2 O-O 6. Bg2 Nc6 7. O-O d6 8. d4 cxd4
9. Nxd4 Bd7 10. Nc3 Qc8 11. Re1 Bh3 12. Bh1 Ng4 13. Nd5 Re8 14. Nxc6 bxc6 15.
Bxg7 Kxg7 16. Nf4 Nf6 17. Bxc6 Qxc6 18. Nxh3 h5 19. Nf4 h4 20. Nd5 hxg3 21. fxg3
Rh8 22. Nxf6 exf6 23. Qd4 Rh6 24. Rf1 g5 25. Rad1 Rah8 26. Rf2 Re8 27. Qxd6 Qe4
28. Qd4 Qc2 29. e3 Qg6 30. Qxa7 Reh8 31. Qd4 Rh3 32. Rdf1 R8h6 33. Rxf6 Qxf6 34.
Rxf6 Rxf6 35. Qg4 Rfh6 36. Qxg5+ Kf8 37. Qd8+ Kg7 38. Qd2 R3h5 39. b4 Re5 40.
c5 Rhe6 41. Qd4 Kf8 42. Kf2 Rf5+ 43. Ke2 Ref6 44. a4 Rf2+ 45. Kd3 Rf1 46. Kc4
R6f2 47. Kb5 Rxh2 48. c6 Rh5+ 49. Ka6 Rc1 50. Qd6+ Kg7 51. b5 Rh6 52. Qe5+ Kf8
53. Kb7 Re6 54. Qxe6 fxe6 55. c7 Ke7 56. c8=Q Rxc8 57. Kxc8 1-0

[Event "Indywidualne Mistrzostwa Polski Juniorow - C18"]
[Site "Szczyrk"]
[Date "2013-03-24"]
[Round "9.23"]
[White "Lopuszanski, Kamil"]
[Black "Mikolajczak, Wojciech"]
[Result "1-0"]
[WhiteTitle "I"]
[BlackTitle "II+"]
[WhiteElo "1870"]
[BlackElo "1740"]

1. d4 c5 2. d5 d6 3. c4 e6 4. Nf3 exd5 5. cxd5 Nf6 6. Nc3 g6 7. e4 Bg7 8. h3 O-O
9. Bd3 a6 10. a4 Nbd7 11. O-O Re8 12. Nd2 Ne5 13. Be2 Rb8 14. f4 Ned7 15. Bd3
Nf8 16. Qf3 N8d7 17. Nc4 Qc7 18. a5 b5 19. axb6 Nxb6 20. Kh1 Nxc4 21. Bxc4 Qb6
22. e5 Nd7 23. exd6 Qxd6 24. Qd3 Ra8 25. Ne4 Qb6 26. d6 Bb7 27. Bxf7+ Kxf7 28.
Ng5+ Kg8 29. Qc4+ Kh8 30. Nf7+ 1-0

[Event "Indywidualne Mistrzostwa Polski Juniorow - C18"]
[Site "Szczyrk"]
[Date "2013-03-24"]
[Round "9.24"]
[White "Gabryjalowicz, Jakub"]
[Black "Prominski, Piotr"]
[Result "1/2-1/2"]
[WhiteTitle "I"]
[BlackTitle "I"]
[WhiteElo "1779"]
[BlackElo "1834"]

1. e4 c5 2. Nf3 d6 3. d4 cxd4 4. Qxd4 Nc6 5. Bb5 Bd7 6. Bxc6 Bxc6 7. Nc3 Nf6 8.
Bg5 e6 9. O-O-O Be7 10. Rhe1 Qb6 11. Qd2 O-O-O 12. Nd4 Kb8 13. Be3 Qa5 14. f4
Nd7 15. Kb1 Nc5 16. e5 d5 17. a3 Na4 18. Nxa4 Qxa4 19. f5 Bd7 20. g4 Rc8 21. Rf1
Rc7 22. f6 gxf6 23. Bf4 f5 24. gxf5 Rhc8 25. fxe6 Bxe6 26. Be3 Bc5 27. Rf2 Bxd4
28. Qxd4 Qxd4 29. Bxd4 Rg8 30. c3 Rcc8 31. Rdf1 Rg4 32. Rf4 Rcg8 33. Bc5 b6 34.
Bd6+ Kb7 35. Rxf7+ Bxf7 36. Rxf7+ Ka6 37. Rxh7 Rg1+ 38. Ka2 Re1 39. a4 Re2 40.
Ka3 Rg1 41. Bb8 Ra1+ 42. Kb3 b5 43. Rxa7+ Kb6 44. a5+ Rxa5 45. Rxa5 Kxa5 46. h4
Rh2 47. Bc7+ Ka6 48. Bd8 Kb7 49. Bf6 Kc6 50. e6 Re2 51. e7 Kd7 52. Ka3 Re4 53.
b3 Ke8 54. Kb2 Re2+ 55. Kc1 Kf7 56. Bg5 Rh2 57. b4 Ke8 58. Kd1 Kf7 59. Ke1 Ke8
60. Kf1 Kf7 61. Ke1 Rc2 62. Bf6 1/2-1/2